UBT Library

Business Classics: Fifteen Key Concepts for Managerial Success / (Record no. 1072)

000 -LEADER
fixed length control field 00434nam a22001577a 4500
008 - FIXED-LENGTH DATA ELEMENTS--GENERAL INFORMATION
fixed length control field 150624b xxu||||| |||| 00| 0 eng d
020 ## - INTERNATIONAL STANDARD BOOK NUMBER
International Standard Book Number
041 0# - LANGUAGE CODE
Language code of text/sound track or separate title eng
080 ## - UNIVERSAL DECIMAL CLASSIFICATION NUMBER
Universal Decimal Classification number 338
245 ## - TITLE STATEMENT
Title Business Classics: Fifteen Key Concepts for Managerial Success /
Statement of responsibility, etc Harvard Business Review.
260 ## -
-- U.S.A.:
-- Harvard College;
-- 1991.
300 ## -
-- 181 f.:
-- me il.;
-- 25 cm.
650 #0 -
-- Biznes
650 #0 -
-- Organizim
942 ## - ADDED ENTRY ELEMENTS (KOHA)
Source of classification or shelving scheme
Item type Books
Holdings
Withdrawn status Lost status Source of classification or shelving scheme Damaged status Not for loan Collection code Permanent location Current location Shelving location Date acquired Total Checkouts Full call number Date last seen Price effective from Koha item type
          Koleksioni i përgjithshem UBT - Prishtine UBT - Prishtine Koleksioni i përgjithshem 06/24/2015   338 GRE 06/24/2015 06/24/2015 Books
UBT Library © 2015-2024. All rights reserved University Education for Business and Technology